00786 a2200181 4500020003600000082001600036100001900052245008900071250001200160260003400172300003400206650003800240650002700278999001500305952010700320952008100427952009600508 a0471356050 (cloth : alk. paper) a624.171 COO aCook,Robert D. aConcepts and applications of finite element analysis /cRobert D. Cook ... [et al.]. a4th ed. aNew York, NY :bWiley,c2001. axvi, 719 p. :bill. ;c26 cm. aStructural analysis (Engineering) aFinite element method. c1231d1231 00104070aNITbNITcCEd0000-00-00l1o624.171 COOpNIT-750 r2023-06-07s2023-03-29w2017-01-05yBK 00104070aNITbNITcCEd0000-00-00l0pNIT-291r2017-01-05w2017-01-05yBK 00102ddc4070aCLbCLd2019-09-25l0m3o624.171 COOpNIT-279r2020-10-20w2017-01-05yBK